000
00253nam a2200109Ia 4500
008
200302s9999 xx 000 0 und d
100
_a
J Tart
245
_a
World Architecture 14 Art Museum
260
_b
J Tart Publishing
260
_c
2014
300
_a
265
999
_c
6428
_d
6428